Statistiche per Victoria's Secret PINK Spokesmodels

Clicka qui per fare il quiz!

Statistiche generali

  • Questo quiz è stato fatto 4 volte
  • Il punteggio medio è 3 su 10

Statistiche sulle risposte

ContractNationalityRisposta% Corretto
2008–2011NamibianBehati Prinsloo
75%
2004–2006BrazilianAlessandra Ambrosio
50%
2011–2014SwedishElsa Hosk
50%
2006–2009AustralianMiranda Kerr
50%
2016–2019AmericanGrace Elizabeth
25%
2016–2019AmericanZuri Tibby
25%
2011–2013AustralianJessica Hart
0%
2006–2007CanadianJessica Stam
0%
2018–2019AmericanMaggie Laine
0%
2015–2017AmericanRachel Hilbert
0%

Distribuzione punteggi

Percentile per numero di risposta

Percentuale di utenti per punteggio

I tuoi punteggi nel tempo

Non hai fatto questo quiz